Canada Coin Images Quiz Stats

 Plays Quiz not verified by Sporcle

Score 0/7 Timer 02:00
0 Plays Today
Denomination Image on Reverse % Correct
5 centsbeaver
92%
1 centmaple leaf branch
88.1%
1 dollarcommon loon
87.3%
2 dollarspolar bear
84.9%
10 centsBluenose schooner
82.1%
25 centscaribou
65.9%
50 centsCanadian coat of arms
25.1%

You're not logged in!

Compare scores with friends on all Sporcle quizzes.
OR
Log In

Show Comments

Extras

Top Quizzes Today


Score Distribution

Your Account Isn't Verified!

In order to create a playlist on Sporcle, you need to verify the email address you used during registration. Go to your Sporcle Settings to finish the process.

Report this User

Report this user for behavior that violates our Community Guidelines.

Details: